Financial Sector Reforms and Exchange Arrangements in Eastern Europe (Record no. 6015)

MARC details
000 -LEADER
fixed length control field 00679nam a22002177u 4500
001 - CONTROL NUMBER
control field 6447
003 - CONTROL NUMBER IDENTIFIER
control field OSt
005 - DATE AND TIME OF LATEST TRANSACTION
control field 20170818153808.0
007 - PHYSICAL DESCRIPTION FIXED FIELD--GENERAL INFORMATION
fixed length control field tu
008 - FIXED-LENGTH DATA ELEMENTS--GENERAL INFORMATION
fixed length control field 161220s1993 xxu||||| |||| 00| 0 d
024 7# - OTHER STANDARD IDENTIFIER
Standard number or code 6447
Source of number or code RID
024 7# - OTHER STANDARD IDENTIFIER
Standard number or code 6447
Source of number or code RSN (alt)
040 ## - CATALOGING SOURCE
Transcribing agency OSt
100 1# - MAIN ENTRY--PERSONAL NAME
Personal name Calvo, Guillermo A.
245 00 - TITLE STATEMENT
Title Financial Sector Reforms and Exchange Arrangements in Eastern Europe
260 ## - PUBLICATION, DISTRIBUTION, ETC.
Place of publication, distribution, etc. Washington, D.C. :
Name of publisher, distributor, etc. International Monetary Fund,
Date of publication, distribution, etc. 1993.
490 ## - SERIES STATEMENT
Series statement IMF Occasional Paper
Volume/sequential designation 102
International Standard Serial Number 0251-6365
710 2# - ADDED ENTRY--CORPORATE NAME
Corporate name or jurisdiction name as entry element International Monetary Fund (IMF)
942 ## - ADDED ENTRY ELEMENTS (KOHA)
Koha item type Paper
Source of classification or shelving scheme Dewey Decimal Classification
Holdings
Withdrawn status Lost status Damaged status Not for loan Home library Current library Shelving location Date acquired Inventory number Total Checkouts Barcode Date last seen Price effective from Koha item type
        WIIW WIIW Library 08/04/2004 6447   10001944 01/26/2017 01/26/2017 Paper
The Vienna Instiute for International Economic Studies (wiiw)